Take a slice - Glass Animals (all lyrics) - Statistics

General Stats
  • This quiz has been taken 39 times
  • The average score is 174 of 241
Answer Stats
Answer % Correct
I
100%
a
96%
the
96%
go
93%
in
93%
yo,
93%
you
93%
You
93%
'cause
89%
day
89%
do
89%
live
89%
my
89%
sleep
89%
when
89%
dreams
86%
Gonna
86%
gonna
86%
I'm
86%
and
82%
don't
82%
it
82%
lip
82%
ring
82%
bell
79%
is
79%
me
79%
pick
79%
rings
79%
wanna
79%
way
79%
with
79%
No,
75%
No
75%
on
75%
sausage
75%
(Sausage
75%
slice
75%
through
75%
Wake
75%
but
71%
like
71%
look
71%
One
71%
thick
71%
things
71%
Big
68%
candle
68%
candle)
68%
college,
68%
ever
68%
filthy
68%
fuck
68%
love
68%
other
68%
rims
68%
to
68%
bullet
64%
gone
64%
lies
64%
Shot
64%
wallet
64%
you're
64%
baby,
61%
Got
61%
it's
61%
it's,
61%
just
61%
pretty
61%
smoke
61%
so
61%
You've
61%
fat
57%
fingernail
57%
of
57%
polish
57%
prize
57%
Yeah
57%
Chewing
54%
right
54%
Suckin'
54%
that
54%
treasure
54%
Very
54%
cherry
50%
Dark
50%
old
50%
personal,
50%
pie
50%
pocket
50%
price
50%
puffing
50%
shotgun
50%
uh
50%
uh,
50%
all
46%
Cut
46%
filter
46%
fresh
46%
good
46%
here
46%
life
46%
money
46%
Pensacola
46%
people
46%
prime
46%
slim
46%
Smells
46%
up
46%
know
43%
Most
43%
pistola
43%
rails
43%
tasty
43%
vogue
43%
20s,
39%
20s
39%
gold
39%
man
39%
Shitty
39%
Sitting
39%
ah!
36%
Studebacker
36%
black
32%
Stewing
32%
whatever,
32%
give
25%
dope
21%
'em
18%
No matching quizzes found
Score Distribution
Percent of People with Each Score
Percentile by Number Answered
Your Score History
You have not taken this quiz